| 000 | 00448nam a2200157 i 4500 | ||
|---|---|---|---|
| 001 | 101759 | ||
| 003 | ES-MaACL | ||
| 005 | 20230906182956.0 | ||
| 007 | t| | ||
| 008 | 051025s1917 fr ||||1| fre d | ||
| 100 | 1 |
_aMeillet, Antoine ( _d1866-1936) _979843 |
|
| 245 | 1 | 0 |
_aCaractères généraux des langues germaniques / _cAntoine Meillet. |
| 260 |
_aParis : _bHachette, _c1917. |
||
| 300 |
_aXVI, 222 p. ; _c19 cm. |
||
| 852 |
_aES-MaACL _jG-3277 |
||
| 999 |
_c101759 _d101759 |
||